000 00191nam a2200109Ia 4500
100 _aWOUK/HERMAN
942 _cBK
245 _aTHE HOPE
260 _b#N/A
546 _aENGLISH
999 _c24096
_d24096